|
|
|
|
| LEADER |
00000nam0a2200000 4500 |
| 001 |
138582 |
| 005 |
20231031141507.0 |
| 020 |
|
|
|a RU
|b 87-82079
|
| 035 |
|
|
|a (RuTPU)RU\TPU\book\150158
|
| 090 |
|
|
|a 138582
|
| 100 |
|
|
|a 20080528d1987 m y0rusy5003 ca
|
| 101 |
0 |
|
|a rus
|
| 102 |
|
|
|a RU
|
| 105 |
|
|
|a a z 000ay
|
| 200 |
1 |
|
|a Воскресные поездки за город
|e Рассказы
|f А. И. Жуков
|
| 210 |
|
|
|a Тула
|c Приокское кн. изд-во
|d 1987
|
| 215 |
|
|
|a 334,[2] с.
|c ил.
|d 17 см
|
| 327 |
1 |
|
|a Содерж.: Шла по жердочке; По первому снегу; Я строю дельтаплан; Квартира для жены; Мотоциклы в траве; Так решил; По течению; Воскресные поездки за город; Я возвращаю ваш портрет...; Шум сосны, и др. рассказы
|
| 610 |
1 |
|
|a советская литература
|
| 610 |
1 |
|
|a рассказы
|
| 675 |
|
|
|a Р2
|z rus
|
| 700 |
|
1 |
|a Жуков
|b А. И.
|g Александр Иванович
|4 070
|
| 801 |
|
0 |
|a RU
|b RuMRKP
|c 19950417
|g psbo
|
| 801 |
|
1 |
|a RU
|b 63413507
|c 20080528
|g PSBO
|
| 801 |
|
2 |
|a RU
|b 63413507
|c 20080528
|g PSBO
|
| 942 |
|
|
|c BK
|